[Event "Chigorin Memorial"]
[Site "St Petersburg"]
[Date "2016.10.21"]
[Round "7.1"]
[White "Sjugirov, Sanan"]
[Black "Eliseev, Urii"]
[Result "1/2-1/2"]
[WhiteElo "2660"]
[BlackElo "2606"]
[PlyCount "82"]
[EventDate "2016.10.15"]
[EventType "swiss"]
[EventRounds "9"]
[EventCountry "RUS"]

1. e4 e5 2. Nf3 Nc6 3. Bc4 Bc5 4. d3 Nf6 5. O-O O-O 6. a4 a6 7. Nbd2 d6 8. c3
Ba7 9. h3 Ne7 10. Re1 Ng6 11. d4 c6 12. Bd3 exd4 13. Nxd4 Re8 14. N2f3 Bd7 15.
Bc2 d5 16. exd5 Rxe1+ 17. Qxe1 Nxd5 18. Bg5 Qc7 19. Bb3 Ndf4 20. Qd2 Re8 21.
Re1 Rxe1+ 22. Qxe1 h6 23. Bxf4 Qxf4 24. Bc2 Bb8 25. Qd1 Qf6 26. Nb3 Ne5 27.
Nbd4 g6 28. Nxe5 Bxe5 29. Nf3 Bd6 30. Nd2 Qe7 31. Ne4 Be5 32. f4 Bxf4 33. Qxd7
Qxd7 34. Nf6+ Kf8 35. Nxd7+ Ke7 36. Bb3 f5 37. Bg8 Kxd7 38. Bh7 Bc1 39. b3 Bb2
40. Bxg6 Ke6 41. c4 c5 1/2-1/2

[Event "Chigorin Memorial"]
[Site "St Petersburg"]
[Date "2016.10.21"]
[Round "7.2"]
[White "Alekseenko, Kirill"]
[Black "Volkov, Sergey"]
[Result "1-0"]
[WhiteElo "2554"]
[BlackElo "2609"]
[PlyCount "83"]
[EventDate "2016.10.15"]
[EventType "swiss"]
[EventRounds "9"]
[EventCountry "RUS"]

1. c4 e5 2. Nc3 Nf6 3. Nf3 Nc6 4. g3 Bc5 5. Bg2 d6 6. O-O O-O 7. d3 h6 8. Na4
Re8 9. Nd2 Bd7 10. Nb3 Qe7 11. Nbxc5 dxc5 12. Nc3 Rad8 13. a3 a5 14. Bd2 b6 15.
Rb1 Nd4 16. e3 Bg4 17. f3 Bf5 18. exd4 Bxd3 19. dxe5 Qxe5 20. Rf2 Bxc4 21. Bf1
Be6 22. Bb5 Re7 23. Qe2 Qh5 24. Re1 Kh8 25. Bf4 Ng8 26. Rd1 Rd4 27. Qc2 Bf5 28.
Qc1 Qg6 29. Rxd4 cxd4 30. Nd5 c5 31. Nxe7 Nxe7 32. Bc4 Nc6 33. Qe1 f6 34. Bb5
Bd7 35. Qe4 f5 36. Qd5 Qe8 37. Re2 Qc8 38. Qd6 d3 39. Bxd3 Nd4 40. Re7 Bc6 41.
Bxh6 Nxf3+ 42. Kf2 1-0

[Event "Chigorin Memorial"]
[Site "St Petersburg"]
[Date "2016.10.21"]
[Round "7.5"]
[White "Khismatullin, Denis"]
[Black "Paravyan, David"]
[Result "0-1"]
[WhiteElo "2617"]
[BlackElo "2528"]
[PlyCount "76"]
[EventDate "2016.10.15"]
[EventType "swiss"]
[EventRounds "9"]
[EventCountry "RUS"]

1. c4 e5 2. Nc3 Bb4 3. Nd5 Bc5 4. Nf3 c6 5. Nc3 d6 6. g3 Nf6 7. Bg2 e4 8. Nh4
d5 9. cxd5 cxd5 10. d3 Ng4 11. O-O g5 12. dxe4 gxh4 13. exd5 hxg3 14. hxg3 f5
15. Bf4 Qb6 16. e3 Bd6 17. Bxd6 Qxd6 18. Qd4 O-O 19. Nb5 Qb6 20. Qc4 Ne5 21.
Qb3 Na6 22. d6+ Nf7 23. Rfd1 Bd7 24. a4 Rac8 25. Rd4 Nc5 26. Qa2 Kg7 27. b4
Nxa4 28. Nc7 Nxd6 29. Ne6+ Bxe6 30. Qxe6 Nf7 31. Qxf5 Nc3 32. Rg4+ Kh8 33. Bxb7
Rce8 34. Rh4 Ne2+ 35. Kh2 Nh6 36. Qd7 Rxf2+ 37. Bg2 Qxe3 38. Ra3 Rxg2+ 0-1

[Event "Chigorin Memorial"]
[Site "St Petersburg"]
[Date "2016.10.21"]
[Round "7.6"]
[White "Aleksandrov, Aleksej"]
[Black "Lu, Shanglei"]
[Result "1/2-1/2"]
[WhiteElo "2568"]
[BlackElo "2615"]
[PlyCount "37"]
[EventDate "2016.10.15"]
[EventType "swiss"]
[EventRounds "9"]
[EventCountry "RUS"]

1. d4 d5 2. c4 c6 3. Nf3 Nf6 4. cxd5 cxd5 5. Nc3 Nc6 6. Bf4 Bf5 7. e3 e6 8. Bd3
Bxd3 9. Qxd3 Bd6 10. Bxd6 Qxd6 11. O-O O-O 12. h3 Rfc8 13. Rfc1 h6 14. a3 Nd7
15. Na4 Ne7 16. Nc3 Nc6 17. Na4 Ne7 18. Nc3 Nc6 19. Na4 1/2-1/2

[Event "Chigorin Memorial"]
[Site "St Petersburg"]
[Date "2016.10.21"]
[Round "7.7"]
[White "Tran, Tuan Minh"]
[Black "Rozum, Ivan"]
[Result "1-0"]
[WhiteElo "2468"]
[BlackElo "2590"]
[PlyCount "87"]
[EventDate "2016.10.15"]
[EventType "swiss"]
[EventRounds "9"]
[EventCountry "RUS"]

1. d4 Nf6 2. c4 e6 3. Nc3 Bb4 4. e3 O-O 5. Nge2 d5 6. a3 Be7 7. Nf4 c6 8. Bd3
dxc4 9. Bxc4 Nbd7 10. Bxe6 fxe6 11. Nxe6 Qa5 12. Nxf8 Nxf8 13. Qb3+ Kh8 14. O-O
Qh5 15. e4 Ne6 16. Qd1 Qh4 17. f3 b6 18. Be3 Bb7 19. Qe1 Qh5 20. Rd1 Re8 21. g4
Qf7 22. Qg3 g5 23. d5 cxd5 24. exd5 Bc5 25. Bxc5 Nxc5 26. Rfe1 Rxe1+ 27. Rxe1
Nd3 28. Qb8+ Qg8 29. Qxg8+ Kxg8 30. Re7 Bxd5 31. Nxd5 Nxd5 32. Rd7 N5f4 33. b4
Ne5 34. Rxa7 Nxf3+ 35. Kh1 Ne5 36. a4 Nfd3 37. a5 bxa5 38. bxa5 Nf2+ 39. Kg1
Nfxg4 40. Rc7 Ne3 41. a6 N3c4 42. Rc5 Nf3+ 43. Kh1 Nb6 44. Rc6 1-0

[Event "Chigorin Memorial"]
[Site "St Petersburg"]
[Date "2016.10.21"]
[Round "7.8"]
[White "Soffer, Ram"]
[Black "Smirin, Ilia"]
[Result "1-0"]
[WhiteElo "2475"]
[BlackElo "2685"]
[PlyCount "167"]
[EventDate "2016.10.15"]
[EventType "swiss"]
[EventRounds "9"]
[EventCountry "RUS"]

1. e4 c5 2. Nf3 e6 3. b3 Nf6 4. e5 Nd5 5. Bb2 Nc6 6. g3 Be7 7. Bg2 O-O 8. O-O
d6 9. exd6 Qxd6 10. Na3 Rd8 11. Qe2 Bf6 12. Nc4 Qc7 13. Bxf6 Nxf6 14. Nce5 Bd7
15. c4 Be8 16. Rad1 Qb6 17. d3 Rd6 18. Rd2 Rad8 19. Rfd1 h6 20. Qe3 Ne7 21. g4
Bc6 22. d4 cxd4 23. Rxd4 Qc7 24. Rxd6 Rxd6 25. Rxd6 Qxd6 26. Qd4 Qb8 27. Ne1
Bxg2 28. Kxg2 b6 29. N1d3 Qa8+ 30. f3 Qb8 31. b4 Qc7 32. b5 Ne8 33. c5 Nd5 34.
Nc6 Qb7 35. a4 a6 36. Ncb4 Nxb4 37. Qxb4 Qd5 38. Qe4 Qa2+ 39. Kg3 axb5 40. cxb6
Qb1 41. Ne1 Qc1 42. Ng2 Qc8 43. a5 Nd6 44. Qe5 Qc6 45. a6 Qxb6 46. a7 Qxa7 47.
Qxd6 Qb7 48. Qd8+ Kh7 49. Qd3+ Kg8 50. Qd8+ Kh7 51. Qd3+ Kg8 52. Ne3 Qb8+ 53.
Kg2 b4 54. Qb3 Qe5 55. h4 g5 56. h5 Qd4 57. Nc4 Qc3 58. Qxc3 bxc3 59. Na3 Kg7
60. Kf2 Kf6 61. Ke3 Ke5 62. Nc2 f5 63. Nb4 Kf6 64. Nd3 e5 65. Nc5 c2 66. Nb3 e4
67. gxf5 exf3 68. Kxf3 c1=Q 69. Nxc1 Kxf5 70. Ne2 g4+ 71. Kg2 Kg5 72. Ng3 Kh4
73. Kh2 Kg5 74. Kg1 Kh4 75. Kg2 Kg5 76. Kf1 Kh4 77. Kg2 Kg5 78. Kf1 Kh4 79. Kf2
Kh3 80. Nf5 Kh2 81. Ne3 g3+ 82. Kf3 g2 83. Nxg2 Kh3 84. Ke4 1-0

[Event "Chigorin Memorial"]
[Site "St Petersburg"]
[Date "2016.10.21"]
[Round "7.9"]
[White "Malakhov, Igor"]
[Black "Artemiev, Vladislav"]
[Result "1/2-1/2"]
[WhiteElo "2456"]
[BlackElo "2663"]
[PlyCount "219"]
[EventDate "2016.10.15"]
[EventType "swiss"]
[EventRounds "9"]
[EventCountry "RUS"]

1. e4 c5 2. c3 Nf6 3. e5 Nd5 4. d4 cxd4 5. cxd4 d6 6. Nf3 Nc6 7. Bc4 Nb6 8. Bb5
Bd7 9. Nc3 dxe5 10. dxe5 g6 11. O-O Bg7 12. Qe2 O-O 13. Bf4 Qc8 14. Rac1 Bg4
15. Qe3 Bxf3 16. Qxf3 Nxe5 17. Qe4 Nc6 18. Bxc6 Qxc6 19. Qxe7 Rfe8 20. Qb4 a5
21. Qb3 a4 22. Qb4 Bf8 23. Qb5 Qxb5 24. Nxb5 Re2 25. Rb1 Bg7 26. Nc3 Bxc3 27.
bxc3 Nd5 28. Bd6 Nxc3 29. Rxb7 Rxa2 30. h3 a3 31. Be5 Rc2 32. Kh2 Ne4 33. Ba1
Rxf2 34. Re1 Ra2 35. Bd4 Nd6 36. Rb6 Nf5 37. Ra6 Rb8 38. Bf6 h6 39. Rb1 Re8 40.
Rb3 g5 41. Rbxa3 Rxa3 42. Rxa3 Re2 43. Kg1 Kh7 44. g4 Nd6 45. Ra8 Kg6 46. Bd4
f6 47. Ra6 Ne4 48. Ba1 Re3 49. Kg2 Rg3+ 50. Kh2 Rf3 51. Bd4 Rd3 52. Ba1 Rd2+
53. Kg1 Nd6 54. Bc3 Rd3 55. Kg2 Ne8 56. Ba1 Rd2+ 57. Kg1 Re2 58. Bd4 Rc2 59.
Ba1 Rd2 60. Be5 Rd7 61. Ba1 Rf7 62. Ra8 Nc7 63. Rg8+ Kh7 64. Rd8 Kg7 65. Rd6
Kg6 66. Kg2 Ne8 67. Re6 Ng7 68. Ra6 h5 69. Kf3 hxg4+ 70. Kxg4 Nf5 71. Re6 Rf8
72. Ra6 Ne3+ 73. Kf3 Nd5 74. Rd6 Ne7 75. Ra6 Nf5 76. Kg4 Nh6+ 77. Kf3 Rf7 78.
Kg3 Nf5+ 79. Kf3 Ne7 80. Kg4 Nd5 81. h4 gxh4 82. Kxh4 Kf5 83. Kg3 Rb7 84. Kf2
Rb1 85. Rd6 Rb5 86. Bd4 Ra5 87. Bb2 Kg5 88. Rd8 Kg4 89. Rg8+ Kf4 90. Bc1+ Kf5
91. Rb8 Rc5 92. Bh6 Rc2+ 93. Kf3 Rh2 94. Bc1 Rh3+ 95. Kf2 Nc3 96. Kg2 Rh7 97.
Rb3 Ne4 98. Rf3+ Ke6 99. Ra3 Nd6 100. Ra6 Kd5 101. Bf4 Ne4 102. Ra5+ Ke6 103.
Kf3 Nc3 104. Ra6+ Kf5 105. Ra5+ Kg6 106. Bd2 Nd1 107. Ke2 Nb2 108. Bc3 Rh2+
109. Kf1 Nc4 110. Ra6 1/2-1/2

[Event "Chigorin Memorial"]
[Site "St Petersburg"]
[Date "2016.10.21"]
[Round "7.10"]
[White "Alekseev, Evgeny"]
[Black "Sadovsky, Artem"]
[Result "1-0"]
[WhiteElo "2636"]
[BlackElo "2414"]
[PlyCount "93"]
[EventDate "2016.10.15"]
[EventType "swiss"]
[EventRounds "9"]
[EventCountry "RUS"]

1. e4 g6 2. d4 Bg7 3. Nf3 d6 4. Nc3 e5 5. dxe5 dxe5 6. Qxd8+ Kxd8 7. Be3 f6 8.
O-O-O+ Nd7 9. g4 c6 10. h4 Nh6 11. Bh3 Nf7 12. g5 Ke7 13. h5 Nb6 14. Bc5+ Ke8
15. Bxc8 Rxc8 16. gxf6 Bxf6 17. hxg6 hxg6 18. Rhg1 Rg8 19. b3 Rd8 20. Rdf1 Nd7
21. Be3 Be7 22. Rg2 Bc5 23. Bd2 Nf6 24. Kb2 Ke7 25. Re1 b5 26. Re2 Rd6 27. Nh4
Bd4 28. Kc1 Ke8 29. Nd1 Re6 30. Nf3 Bc5 31. Nb2 Nd6 32. Ng5 Re7 33. Nd3 Ba3+
34. Kd1 Rh8 35. Re1 Rh5 36. f4 Nd7 37. Nf3 exf4 38. Nxf4 Rhh7 39. e5 Nf5 40.
Rxg6 Rh6 41. Rg5 Ng7 42. Reg1 Rh7 43. Rg6 Bc5 44. Re1 Bf2 45. Rxc6 Nb6 46. Rf1
Bg3 47. Ng5 1-0

[Event "Chigorin Memorial"]
[Site "St Petersburg"]
[Date "2016.10.21"]
[Round "7.12"]
[White "Fier, Alexandr"]
[Black "Duzhakov, Ilya"]
[Result "1-0"]
[WhiteElo "2614"]
[BlackElo "2411"]
[PlyCount "91"]
[EventDate "2016.10.15"]
[EventType "swiss"]
[EventRounds "9"]
[EventCountry "RUS"]

1. d4 Nf6 2. c4 g6 3. g3 d5 4. cxd5 Nxd5 5. Bg2 Bg7 6. e4 Nb6 7. Ne2 c5 8. d5
O-O 9. O-O e6 10. Nec3 Na6 11. Bf4 exd5 12. exd5 Nc4 13. Nd2 Ne5 14. h3 Nb4 15.
Nde4 c4 16. Bg5 f6 17. Be3 Nbd3 18. Nc5 Re8 19. b3 Qa5 20. N3e4 Nf7 21. Nxd3
cxd3 22. Qxd3 f5 23. Ng5 Ne5 24. Qe2 b6 25. Bd2 Ba6 26. Qe3 Qa3 27. Rfe1 Bb5
28. d6 Nf7 29. Qf4 Nxg5 30. Qxg5 Qxd6 31. Bf4 Qb4 32. Bd5+ Kh8 33. Bd2 Qd6 34.
Bxa8 Bxa1 35. Rxa1 Rxa8 36. Bc3+ Kg8 37. Qh6 Qd7 38. Re1 Rc8 39. Bb2 Bc6 40.
Kh2 Rc7 41. Ba3 Qf7 42. Re6 Ba8 43. Qe3 Be4 44. Qd4 Rc2 45. Re7 Qf8 46. Rxa7
1-0

[Event "Chigorin Memorial"]
[Site "St Petersburg"]
[Date "2016.10.21"]
[Round "7.13"]
[White "Gusain, Himal"]
[Black "Jumabayev, Rinat"]
[Result "1/2-1/2"]
[WhiteElo "2428"]
[BlackElo "2609"]
[PlyCount "103"]
[EventDate "2016.10.15"]
[EventType "swiss"]
[EventRounds "9"]
[EventCountry "RUS"]

1. e4 e5 2. Nf3 Nc6 3. Bb5 a6 4. Ba4 d6 5. c3 Bd7 6. d4 g6 7. Bg5 f6 8. Be3 Nh6
9. a3 Bg7 10. Bb3 Qe7 11. dxe5 dxe5 12. Nbd2 Ng4 13. Qe2 Nxe3 14. Qxe3 Be6 15.
Bxe6 Qxe6 16. Qc5 O-O-O 17. Qc4 Rhe8 18. Qxe6+ Rxe6 19. Ke2 Bh6 20. Rad1 f5 21.
h4 Bxd2 22. Nxd2 Red6 23. Nc4 Rxd1 24. Rxd1 Rxd1 25. Kxd1 Kd7 26. Ke2 Ke6 27.
Ke3 Nb8 28. g3 Nd7 29. f3 Nc5 30. b4 Na4 31. Kd3 h5 32. Ne3 c5 33. Nd5 Nb2+ 34.
Ke2 Nc4 35. a4 cxb4 36. cxb4 a5 37. bxa5 Nxa5 38. Nc3 Nb3 39. Kd3 Kd6 40. Ke3
Nc5 41. exf5 gxf5 42. f4 Ke6 43. fxe5 Kxe5 44. a5 Ne4 45. Na4 Nxg3 46. Nc5 f4+
47. Kf3 Nf5 48. Nxb7 Nxh4+ 49. Kf2 Kd5 50. a6 Kc6 51. Nc5 Kb6 52. Nd7+ 1/2-1/2

[Event "Chigorin Memorial"]
[Site "St Petersburg"]
[Date "2016.10.21"]
[Round "7.14"]
[White "Kovalev, Vladislav"]
[Black "Sarana, Alexey"]
[Result "1/2-1/2"]
[WhiteElo "2609"]
[BlackElo "2427"]
[PlyCount "62"]
[EventDate "2016.10.15"]
[EventType "swiss"]
[EventRounds "9"]
[EventCountry "RUS"]

1. e4 c5 2. Nf3 d6 3. d4 cxd4 4. Nxd4 Nf6 5. Nc3 a6 6. h3 e5 7. Nde2 b5 8. g4
b4 9. Nd5 Nxd5 10. Qxd5 Ra7 11. Be3 Be6 12. Qd3 Rb7 13. Bg2 Be7 14. Ng3 g6 15.
O-O O-O 16. b3 a5 17. c3 Bg5 18. Bxg5 Qxg5 19. cxb4 axb4 20. Rac1 Rb6 21. Ne2
Nd7 22. f4 exf4 23. Nxf4 Qe5 24. Qe3 Nc5 25. Rc2 Ra6 26. Rd2 Rfa8 27. Qf2 R8a7
28. Re1 Qc3 29. Rf1 Qe5 30. Rc2 Kg7 31. Rd2 Kg8 1/2-1/2

[Event "Chigorin Memorial"]
[Site "St Petersburg"]
[Date "2016.10.21"]
[Round "7.15"]
[White "Nguyen, Piotr"]
[Black "Timofeev, Artyom"]
[Result "0-1"]
[WhiteElo "2418"]
[BlackElo "2601"]
[PlyCount "94"]
[EventDate "2016.10.15"]
[EventType "swiss"]
[EventRounds "9"]
[EventCountry "RUS"]

1. c4 c5 2. g3 g6 3. Bg2 Bg7 4. Nc3 Nc6 5. Nf3 e6 6. d3 Nge7 7. Bg5 h6 8. Bd2
O-O 9. a3 a6 10. Rb1 Rb8 11. b4 cxb4 12. axb4 b5 13. c5 f5 14. O-O d6 15. cxd6
Qxd6 16. Qb3 Kh7 17. Rfc1 e5 18. Be3 Be6 19. Bc5 Qd7 20. Qa3 Ra8 21. Nd2 e4 22.
Nb3 exd3 23. Bxe7 Qxe7 24. Bxc6 Rac8 25. Na5 Rfd8 26. exd3 Rxd3 27. Rc2 Bd7 28.
Qc1 Bxc6 29. Nxc6 Rxc6 30. Nd5 Rxc2 31. Nxe7 Rxc1+ 32. Rxc1 Rd7 33. Nc6 Rc7 34.
Kf1 Bf8 35. Rc2 Kg7 36. Ke2 Kf6 37. Kd3 g5 38. Rc3 g4 39. Nb8 Rxc3+ 40. Kxc3
Bd6 41. Nc6 Be5+ 42. Kd3 Ke6 43. Nd8+ Kd5 44. Nf7 Bg7 45. Nd8 Bf8 46. Kc3 Be7
47. Nb7 Ke4 0-1

[Event "Chigorin Memorial"]
[Site "St Petersburg"]
[Date "2016.10.21"]
[Round "7.16"]
[White "Drygalov, Sergey"]
[Black "Pridorozhni, Aleksei"]
[Result "1/2-1/2"]
[WhiteElo "2409"]
[BlackElo "2579"]
[PlyCount "85"]
[EventDate "2016.10.15"]
[EventType "swiss"]
[EventRounds "9"]
[EventCountry "RUS"]

1. d4 Nf6 2. Nf3 g6 3. c4 Bg7 4. g3 O-O 5. Bg2 d6 6. O-O c6 7. Nc3 Qb6 8. h3
Qa6 9. b3 b5 10. Nd2 Bb7 11. Bb2 Nbd7 12. e4 bxc4 13. Nxc4 d5 14. Ne5 Nxe5 15.
dxe5 Nxe4 16. Nxe4 dxe4 17. Bxe4 c5 18. Bxb7 Qxb7 19. Qc2 Rac8 20. Rfd1 c4 21.
bxc4 Rc6 22. Bd4 Qc7 23. Qa4 Rxc4 24. Qxa7 Qxa7 25. Bxa7 Ra8 26. Bd4 Rxd4 27.
Rxd4 Bxe5 28. Rdd1 Bxa1 29. Rxa1 Ra3 30. Re1 e6 31. Re2 g5 32. Kg2 Kg7 33. Rc2
h5 34. Rd2 Kg6 35. g4 Ra4 36. Kg3 f5 37. gxf5+ Kxf5 38. Rc2 e5 39. Kg2 Ra3 40.
Rc8 Rxa2 41. Rf8+ Ke6 42. Re8+ Kd6 43. Rd8+ 1/2-1/2

[Event "Chigorin Memorial"]
[Site "St Petersburg"]
[Date "2016.10.21"]
[Round "7.17"]
[White "Kazakovskiy, Valeriy"]
[Black "Fedorov, Alexei"]
[Result "0-1"]
[WhiteElo "2399"]
[BlackElo "2567"]
[PlyCount "106"]
[EventDate "2016.10.15"]
[EventType "swiss"]
[EventRounds "9"]
[EventCountry "RUS"]

1. d4 Nf6 2. Nf3 g6 3. c4 Bg7 4. Nc3 d6 5. g3 O-O 6. Bg2 c5 7. O-O Nc6 8. dxc5
dxc5 9. Be3 Qa5 10. Qb3 Bd7 11. Rfd1 b6 12. Bg5 Rfd8 13. Qb5 Rac8 14. Qxa5 Nxa5
15. Ne5 Be6 16. Nb5 Nh5 17. Nd3 Bxc4 18. Nxa7 Rc7 19. g4 Rxa7 20. gxh5 Rad7 21.
h6 Bh8 22. Bd2 Bxd3 23. Bxa5 bxa5 24. exd3 Rxd3 25. Rxd3 Rxd3 26. Rc1 Bd4 27.
Rc2 Rd1+ 28. Bf1 Ra1 29. b3 e6 30. Kg2 Kf8 31. Bc4 Ke7 32. Re2 Kf6 33. h4 Rd1
34. Bb5 Ke7 35. Bc6 Bf6 36. h5 gxh5 37. Be4 Rd8 38. Bxh7 Rh8 39. Be4 Rxh6 40.
Rc2 Kd6 41. Rc4 h4 42. Kh3 Bd4 43. Ra4 f5 44. Bg2 Bxf2 45. Rxa5 Rg6 46. Ra6+
Ke5 47. Bb7 Rg3+ 48. Kh2 Re3 49. Bc8 Bg3+ 50. Kg2 Kf6 51. Rc6 f4 52. Rxc5 f3+
53. Kh3 f2 0-1

[Event "Chigorin Memorial"]
[Site "St Petersburg"]
[Date "2016.10.21"]
[Round "7.19"]
[White "Pasiev, Rakhim"]
[Black "Gordievsky, Dmitry"]
[Result "1/2-1/2"]
[WhiteElo "2406"]
[BlackElo "2555"]
[PlyCount "90"]
[EventDate "2016.10.15"]
[EventType "swiss"]
[EventRounds "9"]
[EventCountry "RUS"]

1. e4 c5 2. Nf3 d6 3. d4 cxd4 4. Qxd4 Nf6 5. Bg5 Bd7 6. Nc3 Nc6 7. Qe3 h6 8.
Bxf6 gxf6 9. Nd2 f5 10. Bd3 fxe4 11. Ndxe4 Ne5 12. Be2 Qb6 13. Qxb6 axb6 14.
Nd5 Ra5 15. c4 Bc6 16. O-O e6 17. Ndc3 f5 18. Nd2 h5 19. Nb3 Ra8 20. Nd4 Bd7
21. Rfe1 Kf7 22. Rad1 Rd8 23. Ncb5 h4 24. b3 Be7 25. a4 Kf6 26. Bf1 Rhg8 27.
Re3 Ng4 28. Red3 Ne5 29. Re3 Kf7 30. h3 Ng6 31. Nc7 Nf4 32. Rf3 e5 33. Ndb5 Bc6
34. Nd5 Rg7 35. g3 hxg3 36. fxg3 Rdg8 37. Kh2 Nxd5 38. cxd5 Bd7 39. Bd3 Ke8 40.
Bxf5 Bxf5 41. Rxf5 Rxg3 42. Rc1 Rg2+ 43. Kh1 R2g3 44. Kh2 Rg2+ 45. Kh1 R2g3
1/2-1/2

[Event "Chigorin Memorial"]
[Site "St Petersburg"]
[Date "2016.10.21"]
[Round "7.20"]
[White "Chigaev, Maksim"]
[Black "Timerkhanov, Alexander"]
[Result "1/2-1/2"]
[WhiteElo "2551"]
[BlackElo "2340"]
[PlyCount "89"]
[EventDate "2016.10.15"]
[EventType "swiss"]
[EventRounds "9"]
[EventCountry "RUS"]

1. e4 c5 2. Nf3 d6 3. d4 Nf6 4. Nc3 cxd4 5. Nxd4 a6 6. g3 g6 7. Bg2 Bg7 8. O-O
O-O 9. h3 Nc6 10. Be3 Bd7 11. a4 Ne5 12. b3 Qc8 13. Nd5 Nxd5 14. exd5 Bxh3 15.
f3 Bxg2 16. Kxg2 Qc3 17. Bg1 Rac8 18. Ra2 Nd7 19. a5 Rfe8 20. Ne2 Qc7 21. c4 e6
22. dxe6 fxe6 23. Nf4 Ne5 24. Bb6 Qe7 25. Rd2 Rc6 26. Nd3 Nxd3 27. Rxd3 Bf8 28.
Re1 Qf7 29. f4 d5 30. cxd5 exd5 31. Rxe8 Qxe8 32. Rxd5 Qe4+ 33. Qf3 Rc2+ 34.
Bf2 Qxf3+ 35. Kxf3 Rc3+ 36. Ke4 Rxb3 37. Rd8 Kf7 38. Rd7+ Ke6 39. Rxh7 Rb5 40.
Bb6 Rb3 41. Rxb7 Bc5 42. Bxc5 Rxb7 43. g4 Rb5 44. f5+ Kf7 45. Bb6 1/2-1/2

[Event "Chigorin Memorial"]
[Site "St Petersburg"]
[Date "2016.10.21"]
[Round "7.21"]
[White "Khanin, Semen"]
[Black "Burmakin, Vladimir"]
[Result "1-0"]
[WhiteElo "2397"]
[BlackElo "2545"]
[PlyCount "89"]
[EventDate "2016.10.15"]
[EventType "swiss"]
[EventRounds "9"]
[EventCountry "RUS"]

1. e4 c6 2. d4 d5 3. Nd2 dxe4 4. Nxe4 Nf6 5. Nxf6+ exf6 6. c3 Bd6 7. Bd3 Be6 8.
Ne2 Qc7 9. Ng3 O-O 10. Qc2 h6 11. O-O Nd7 12. f4 Nb6 13. c4 c5 14. d5 Bc8 15.
Bd2 Re8 16. h3 Nd7 17. a4 Nf8 18. Nh5 Qd8 19. Bc3 a5 20. Rf3 Nd7 21. Rg3 Bf8
22. Qd1 Kh8 23. Bc2 Ra6 24. Qd3 g6 25. Rf1 Rd6 26. Rff3 Re7 27. Rg4 b6 28. Rfg3
Qe8 29. Kh2 Bg7 30. Nxg7 Kxg7 31. Rxg6+ fxg6 32. Rxg6+ Kf7 33. Rxh6 Qg8 34. Qf3
Kf8 35. Qh5 Rg7 36. Bg6 Ke7 37. f5 Nf8 38. Rh8 Rxg6 39. fxg6 Qg7 40. Qh6 Qxh6
41. Rxh6 Nxg6 42. Rxg6 Kf7 43. Rh6 Ke7 44. g4 Bd7 45. b3 1-0

[Event "Chigorin Memorial"]
[Site "St Petersburg"]
[Date "2016.10.21"]
[Round "7.22"]
[White "Moiseenko, Vadim"]
[Black "Fedotov, Nikita"]
[Result "1-0"]
[WhiteElo "2528"]
[BlackElo "2302"]
[PlyCount "71"]
[EventDate "2016.10.15"]
[EventType "swiss"]
[EventRounds "9"]
[EventCountry "RUS"]

1. d4 Nf6 2. c4 g6 3. Nc3 d5 4. Bg5 Bg7 5. e3 Ne4 6. Bh4 Nxc3 7. bxc3 dxc4 8.
Bxc4 O-O 9. Nf3 c5 10. O-O Nc6 11. Qe2 Qc7 12. Rfd1 Bg4 13. Rac1 e5 14. Bg3 Qc8
15. h3 Bh5 16. dxe5 Bxe5 17. Bh4 Bxf3 18. Qxf3 Bg7 19. Qd5 Qc7 20. Qxc5 Rac8
21. Bd5 b6 22. Qb5 Rfe8 23. c4 Bf8 24. Bg3 Ne5 25. Rd4 Bg7 26. Rcd1 Kh8 27. a4
h6 28. Kh2 f5 29. Kh1 Re7 30. e4 Qc5 31. exf5 gxf5 32. Qxc5 bxc5 33. R4d2 Bf6
34. Re2 Rce8 35. a5 Kg7 36. a6 1-0

[Event "Chigorin Memorial"]
[Site "St Petersburg"]
[Date "2016.10.21"]
[Round "7.23"]
[White "Xu, Yinglun"]
[Black "Drygalov, Andrey"]
[Result "1-0"]
[WhiteElo "2526"]
[BlackElo "2318"]
[PlyCount "117"]
[EventDate "2016.10.15"]
[EventType "swiss"]
[EventRounds "9"]
[EventCountry "RUS"]

1. Nf3 Nf6 2. c4 c5 3. Nc3 Nc6 4. g3 g6 5. Bg2 Bg7 6. d4 cxd4 7. Nxd4 O-O 8.
O-O Qa5 9. e3 d6 10. Qb3 Qc7 11. Ncb5 Qd7 12. Rd1 a6 13. Nxc6 bxc6 14. Nd4 Bb7
15. Qb6 Rfc8 16. Bd2 Rab8 17. c5 Qe8 18. b4 Nd7 19. Qa5 Ne5 20. cxd6 exd6 21.
Rac1 d5 22. Bf1 Nc4 23. Bxc4 dxc4 24. Rxc4 c5 25. bxc5 Bd5 26. Rb4 Rxb4 27.
Qxb4 a5 28. Qc3 Qd7 29. Qd3 Bxa2 30. Bxa5 Rxc5 31. Qa3 Qd5 32. Bb6 Rc8 33. e4
Qc4 34. Kg2 h5 35. Nf3 Qb3 36. Qa6 Qc4 37. Qb7 Re8 38. Bd4 Bf8 39. Ba1 Qb3 40.
Qc6 Re6 41. Qc1 Qa3 42. Qxa3 Bxa3 43. Rd8+ Bf8 44. Ne5 Rd6 45. Nd7 Rxd7 46.
Rxd7 Bg7 47. Bxg7 Kxg7 48. f4 Be6 49. Ra7 Bb3 50. Kf3 Be6 51. Ke3 Kf6 52. Kd4
Bb3 53. Ra6+ Kg7 54. Ke5 Bc2 55. Ra7 Bd3 56. Rc7 Bb1 57. h3 Bd3 58. g4 Be2 59.
g5 1-0

[Event "Chigorin Memorial"]
[Site "St Petersburg"]
[Date "2016.10.21"]
[Round "7.24"]
[White "Yeletsky, Ivan"]
[Black "Lintchevski, Daniil"]
[Result "1/2-1/2"]
[WhiteElo "2340"]
[BlackElo "2522"]
[PlyCount "80"]
[EventDate "2016.10.15"]
[EventType "swiss"]
[EventRounds "9"]
[EventCountry "RUS"]

1. e4 c6 2. d4 d5 3. e5 Bf5 4. h4 Qb6 5. Nc3 h5 6. Na4 Qc7 7. Bd3 Bxd3 8. Qxd3
Qa5+ 9. Nc3 e6 10. Bg5 c5 11. Nf3 Nc6 12. O-O cxd4 13. Nxd4 Nxd4 14. Qxd4 Ne7
15. Bd2 Nf5 16. Qf4 Qb4 17. Nxd5 Qxf4 18. Nxf4 Nxh4 19. Rfd1 Nf5 20. Ne2 O-O-O
21. Bg5 Be7 22. Bxe7 Nxe7 23. Nd4 Nc6 24. Nxc6 bxc6 25. f4 Kc7 26. Kf2 f6 27.
exf6 gxf6 28. Rxd8 Rxd8 29. Ke3 Rg8 30. Kf3 h4 31. Rh1 Rg3+ 32. Kf2 Rg4 33. Kf3
Rg3+ 34. Kf2 Rg4 35. Kf3 Rg3+ 36. Kf2 Rg4 37. Kf3 Rg3+ 38. Kf2 Rg4 39. Kf3 Rg3+
40. Kf2 Rg4 1/2-1/2

[Event "Chigorin Memorial"]
[Site "St Petersburg"]
[Date "2016.10.21"]
[Round "7.25"]
[White "Yatzenko, Anton"]
[Black "Ladva, Ottomar"]
[Result "0-1"]
[WhiteElo "2339"]
[BlackElo "2513"]
[PlyCount "62"]
[EventDate "2016.10.15"]
[EventType "swiss"]
[EventRounds "9"]
[EventCountry "RUS"]

1. e4 c5 2. Nf3 e6 3. c3 d5 4. e5 d4 5. g3 Nc6 6. Bg2 g5 7. h3 Bg7 8. cxd4 cxd4
9. d3 h6 10. O-O Nge7 11. Nbd2 O-O 12. Ne4 Ng6 13. Bxg5 hxg5 14. Nfxg5 Bh6 15.
Qh5 Kg7 16. f4 Rh8 17. Nf6 Nce7 18. Be4 Bd7 19. g4 Bc6 20. Rae1 Bxe4 21. Rxe4
Nd5 22. f5 Nxf6 23. exf6+ Qxf6 24. fxg6 Bxg5 25. Rxf6 Kxf6 26. Rf4+ Bxf4 27.
Qb5 fxg6 28. Qxb7 Rac8 29. Qxa7 Be3+ 30. Kg2 Rc2+ 31. Kg3 g5 0-1

[Event "Chigorin Memorial"]
[Site "St Petersburg"]
[Date "2016.10.21"]
[Round "7.26"]
[White "Matsenko, Andrei"]
[Black "Matinian, Nikita"]
[Result "1-0"]
[WhiteElo "2317"]
[BlackElo "2495"]
[PlyCount "111"]
[EventDate "2016.10.15"]
[EventType "swiss"]
[EventRounds "9"]
[EventCountry "RUS"]

1. Nf3 Nf6 2. c4 g6 3. d4 Bg7 4. Nc3 O-O 5. e4 d6 6. Be2 e5 7. O-O Nc6 8. dxe5
Nxe5 9. Nxe5 dxe5 10. Be3 Be6 11. Qc2 c6 12. Rfd1 Qc7 13. b4 Nh5 14. Bxh5 gxh5
15. Qe2 f6 16. c5 Qf7 17. Rd6 Rfe8 18. a4 Bf8 19. Rd2 a6 20. Re1 b5 21. a5 Qg6
22. f4 exf4 23. Bxf4 Ra7 24. Qf2 Rg7 25. Re3 Qf7 26. Ne2 Rg6 27. h3 f5 28. Nd4
fxe4 29. Nxc6 Bg7 30. Ne5 Bxe5 31. Bxe5 Bxh3 32. Rxh3 Qxf2+ 33. Kxf2 Rxe5 34.
Ke3 Kf7 35. Rd7+ Ke8 36. Rxh7 Rxg2 37. R7xh5 Rxh5 38. Rxh5 Kd7 39. Kxe4 Re2+
40. Kd3 Rb2 41. Kc3 Rg2 42. Rh6 Rg3+ 43. Kd4 Rg4+ 44. Kd5 Rg5+ 45. Kd4 Rg4+ 46.
Ke5 Kc7 47. Rxa6 Rxb4 48. Kd5 Ra4 49. c6 b4 50. Ra7+ Kb8 51. c7+ Kxa7 52. c8=Q
Rxa5+ 53. Kc4 b3 54. Qc7+ Ka6 55. Qc6+ Ka7 56. Kb4 1-0